00416nam a2200145Ia 4500008004100000082001000041100002200051245002200073260001300095630002200108730002200130942000900152999001900161952009000180100328s9999 xx 000 0 und d b67225 aSolapurkar Jyoti. aAkbar and Birbal. bJyotsna. aAkbar and Birbal. aAkbar and Birbal. cBOOK c552964d552961 00104070aRNVbRNVd2010-03-28l0pRNV-67225r2010-03-28 00:00:00w2010-03-28yBOOK